000 00592nam a2200193 a 4500
001 000010468
005 20240412074218.0
008 091007s1989 dr 000 p spa d
040 _aDO-SdBNP
_bspa
_cBNPHU
082 _aRD861.44
_bL817li
100 1 _aLockward Pérez, Jorge Alfonso,
_d1937-2001.
_92059
245 1 0 _aLinos /
_cAlfonso Lockward.
260 _aSanto Domingo :
_bCorripio,
_c1989.
300 _a128 p. ;
_c23 cm.
590 _aInventariado, 2018/LP
650 0 _aPoesía dominicana
_966
650 0 _aLiteratura dominicana.
_967
910 _aValidado. Control de calidad BNPHU
999 _c10227
_d10227